Rent seeking and endogenous income inequality

Salvato in:
Dettagli Bibliografici
Autore principale: Dabla-Norris, Era
Altri autori: Wade, Paul
Natura: Libro
Lingua:inglese
Pubblicazione: Washington International Monetary Fund 2001
Serie:IMF Working Paper WP/01/15
Soggetti:
Tags: Aggiungi Tag
Nessun Tag, puoi essere il primo ad aggiungerne!!

MARC

LEADER 00000nam a2200000 4500
001 c124817
005 20221221091327.3
041 0 |a eng 
044 |a US 
245 1 0 |a Rent seeking and endogenous income inequality  |c Era Dabla-Noris and Paul Wade 
264 1 |a Washington  |b International Monetary Fund  |c 2001 
300 |a 28 s. 
490 1 |a IMF Working Paper  |v WP/01/15 
830 0 |a IMF Working Paper  |v WP/01/15 
610 2 0 |a príjmy 
610 2 0 |a renta 
610 2 0 |a lotérie 
610 2 0 |a modely nerovnováhy 
100 1 |a Dabla-Norris, Era 
700 1 |a Wade, Paul